Hello bos : koleksi mingguan

Bibliographic Details
Main Author: Dee
Format: Book
Language:Malay
Published: Kuala Lumpur : Utusan Publications , 2001
Subjects:

MARC

LEADER 00000cam a2200000 7i4500
001 0000018899
005 20090518.0
008 090518s my a may
020 |a 9676111414 ,   |c RM11.90 
040 |a INS 
090 0 0 |a NC1320   |b D44 2001 
100 0 |a Dee 
245 1 0 |a Hello bos :   |b koleksi mingguan   |c Dee 
260 |a Kuala Lumpur :   |b Utusan Publications ,   |c 2001 
300 |a 142ms. :   |b il. ;   |c 21cm. 
650 0 |a Caricatures and cartoons   |x Social aspects 
650 0 |a Caricatures and cartoons   |z Malaysia 
650 0 |a Malaysian   |x Wit and humor   |v Pictorial works 
999 |a 0000020796   |b BOOK   |c Open Shelf   |e Default branch